<?xml version="1.0" encoding="UTF-8"?>
<collection xmlns="http://www.loc.gov/MARC21/slim">
 <record>
  <leader>01590cam a22003731a 4500</leader>
  <controlfield tag="001">000034408</controlfield>
  <controlfield tag="003">10602</controlfield>
  <controlfield tag="005">20241014091938.0</controlfield>
  <controlfield tag="008">151027s2005                  000   eng</controlfield>
  <datafield tag="020" ind1=" " ind2=" ">
   <subfield code="a">72525231</subfield>
  </datafield>
  <datafield tag="040" ind1=" " ind2=" ">
   <subfield code="a">lnn</subfield>
   <subfield code="c">lnn</subfield>
   <subfield code="d">lnn</subfield>
  </datafield>
  <datafield tag="041" ind1=" " ind2=" ">
   <subfield code="a">eng</subfield>
  </datafield>
  <datafield tag="082" ind1="0" ind2="0">
   <subfield code="a">658.8</subfield>
   <subfield code="b">PE-W</subfield>
  </datafield>
  <datafield tag="100" ind1="1" ind2=" ">
   <subfield code="a">Perreault, William D.</subfield>
  </datafield>
  <datafield tag="245" ind1="1" ind2="0">
   <subfield code="a">Basic marketing :</subfield>
   <subfield code="b">a global-managerial approach /</subfield>
   <subfield code="c">William D. Perreault, Jr., E. Jerome McCarthy.</subfield>
  </datafield>
  <datafield tag="250" ind1=" " ind2=" ">
   <subfield code="a">15th ed.</subfield>
  </datafield>
  <datafield tag="260" ind1=" " ind2=" ">
   <subfield code="a">Boston, Mass. :</subfield>
   <subfield code="b">McGraw-Hill,</subfield>
   <subfield code="c">2005.</subfield>
  </datafield>
  <datafield tag="300" ind1=" " ind2=" ">
   <subfield code="a">xli, 793 [22] p. :</subfield>
   <subfield code="b">col. ill. ;</subfield>
   <subfield code="c">28 cm.</subfield>
   <subfield code="e">1 CD ROM (4 3/4 in.)</subfield>
  </datafield>
  <datafield tag="440" ind1=" " ind2="0">
   <subfield code="a">McGraw-Hill/Irwin series in marketing</subfield>
  </datafield>
  <datafield tag="500" ind1=" " ind2=" ">
   <subfield code="a">McCarthy's name appears first on the earlier edition.</subfield>
  </datafield>
  <datafield tag="504" ind1=" " ind2=" ">
   <subfield code="a">Includes bibliographical references (p. 725-787) and indexes.</subfield>
  </datafield>
  <datafield tag="538" ind1=" " ind2=" ">
   <subfield code="a">Systems requirements for accompanying computer disk: Windows 98 or higher; Pentium 400 MHz or faster; 16-Bit stereo sound card; 16 Bit or better video card; 64 MB or more of system memory; 8x speed for higher CD-ROM Drive.</subfield>
  </datafield>
  <datafield tag="650" ind1=" " ind2="0">
   <subfield code="a">Marketing</subfield>
   <subfield code="x">Management.</subfield>
  </datafield>
  <datafield tag="700" ind1="1" ind2=" ">
   <subfield code="a">McCarthy, E. Jerome</subfield>
   <subfield code="q">(Edmund Jerome)</subfield>
  </datafield>
  <datafield tag="OWN" ind1=" " ind2=" ">
   <subfield code="a">LNN</subfield>
  </datafield>
  <datafield tag="AVA" ind1=" " ind2=" ">
   <subfield code="a">UDN50</subfield>
   <subfield code="b">LNN</subfield>
   <subfield code="c">English</subfield>
   <subfield code="d">658.8PE-W</subfield>
   <subfield code="e">available</subfield>
   <subfield code="t">Error 5001 Not defined in file expand_doc_bib_avail.</subfield>
   <subfield code="f">1</subfield>
   <subfield code="g">0</subfield>
   <subfield code="h">N</subfield>
   <subfield code="i">0</subfield>
   <subfield code="j">AN</subfield>
   <subfield code="k">1</subfield>
  </datafield>
  <datafield tag="999" ind1=" " ind2=" ">
   <subfield code="a">From the UDN01</subfield>
  </datafield>
  <datafield tag="AVA" ind1=" " ind2=" ">
   <subfield code="a">UDN50</subfield>
   <subfield code="b">LNN</subfield>
   <subfield code="c">English</subfield>
   <subfield code="d">658.8PE-W</subfield>
   <subfield code="e">available</subfield>
   <subfield code="t">Error 5001 Not defined in file expand_doc_bib_avail.</subfield>
   <subfield code="f">1</subfield>
   <subfield code="g">0</subfield>
   <subfield code="h">N</subfield>
   <subfield code="i">0</subfield>
   <subfield code="j">AN</subfield>
   <subfield code="k">1</subfield>
  </datafield>
  <datafield tag="TYP" ind1=" " ind2=" ">
   <subfield code="a">Monograph</subfield>
  </datafield>
  <datafield tag="TYP" ind1=" " ind2=" ">
   <subfield code="a">Printed language</subfield>
  </datafield>
  <datafield tag="980" ind1=" " ind2=" ">
   <subfield code="a">Mạng thư viện Đại học Đà Nẵng</subfield>
  </datafield>
 </record>
</collection>
